000 00618nam a2200229 a 4500
999 _c5350
_d5350
001 5350
003 BD-JhCC
005 20171213114952.0
008 171213s19521970e a|||| || | 000 0 eng d
035 _a(BD-JhCC)5350
040 _aBD-JhCC
_dBD-JhCC
041 _aeng
082 _a423
_bHOR 1970
100 _aHornby, A. S.
245 _aThe Progressive English Dictionary /
_cA. S. Hornby and E. C. Parnwell
260 _aLondon :
_bOxford University Press,
_c1970
300 _a312 p. :
_c17 cm.
650 _aEnglish Language
_xDictionaries
700 _aParnwell, E. C.
942 _2ddc
_cBK